Culture Générale - Clic Quiz - La réponse est en emoji par IA #29 - Statistiques

Statistiques générales
  • Ce quiz a été pris 196 fois
  • Le résultat moyen est 22 sur 40
Statistiques - réponses
Hint Réponse % Correct
Iron Man
97%
Thor
96%
Ken
94%
Monkey D. Luffy (One Piece)
89%
Roger Rabbit
89%
Saint Nicolas
85%
Enzo Ferrari
80%
Zac Efron
79%
Lilian Thuram
76%
Hugh Jackman
75%
Pete "Maverick" Mitchell
72%
Youri Djorkaeff
69%
Hugh Grant
67%
Andre Onana
62%
Mohammad Tahir ul-Qadri
60%
Joe Keery (Steve Harrington dans Stranger Things)
60%
Valentino Rossi
59%
Seiya
58%
Barry White
55%
Bixente Lizarazu
52%
Kevin Bacon
50%
Kofi Annan
49%
Karl Urban (Butcher dans The Boys)
48%
Miguel Indurain
46%
Alfred Nobel
45%
René Magritte
44%
Hugo Chávez
44%
Ezra Miller
43%
Daniel Day Lewis
41%
Rubens Barrichello
40%
Dustin Poirier
39%
Heinrich Himmler
37%
Klay Thompson
37%
Jean Cocteau
35%
Zoltar
34%
Jean-Michel Basquiat
32%
Erwin Rommel
30%
Sergueï Choïgou
30%
Rudolf Hess
27%
Friedrich Schiller
17%
Aucun quiz correspondant
Distribution des résultats
% des personnes avec chaque résultat
Percentile par nombre de réponses
Votre historique - résultats
Vous n’avez pas pris ce quiz